| 000 | 02043nam a2200313Ia 4500 | ||
|---|---|---|---|
| 999 |
_c55629 _d55629 |
||
| 001 | 22724 | ||
| 003 | GE_BSU | ||
| 005 | 20230427171850.0 | ||
| 008 | 181216s ||||ge |||||||||||||| ||geo|| | ||
| 020 | _a9789941137181 | ||
| 040 | _cGE_BSU | ||
| 041 | _ageo | ||
| 080 | _a94(479.22)(038) ს-32 | ||
| 245 |
_aსაქართველოს დემოკრატიული რესპუბლიკა : 1918-1921 : _bენციკლოპედია-ლექსიკონი / _cმთავარი რედაქტორი დიმიტრი შველიძე ; გამოცემის მთავარი რედაქტორი - ზურაბ გაიპარაშვილი ; ტექსტის რედაქტორები : ცირა ჯიშკარიანი, დალი გერმანიშვილი. |
||
| 264 |
_aთბილისი : _bუნივერსიტეტის გამომცემლობა, _c2018. |
||
| 300 |
_a554 გვ. : _bილ. ; _c27 სმ. |
||
| 541 | _h20ლ. | ||
| 653 | _aენციკლოპედია | ||
| 653 | _aისტორია | ||
| 653 | _aლექსიკონი | ||
| 653 | _aსაქართველოს დემოკრატიული რესპუბლიკა 1918-1921 | ||
| 653 | _aენციკლოპედია-ლექსიკონი | ||
| 700 |
_aშველიძე, დიმიტრი _eრედაქტორი _917851 |
||
| 700 |
_aგაიპარაშვილი, ზურაბ _eრედაქტორი _98311 |
||
| 700 |
_aჯიშკარიანი, ცირა _eრედაქტორი _95060 |
||
| 700 |
_aგერმანიშვილი, დალი _eრედაქტორი _95061 |
||
| 710 |
_aივანე ჯავახიშვილის სახელობის თბილისის სახელმწიფო უნივერსიტეტი _917852 |
||
| 942 |
_cBK _2udc |
||